000 00237nam a2200097Ia 4500
008 231107s1989 xx 000 0 und d
041 _aeng
100 _aRand,Ayn
245 _aThe Voice Of Reason
260 _aNew Delhi
_bSignet Books
_c1989
999 _c922658
_d922658